000 00403nam a22001217a 4500
008 230621b xxu||||| |||| 00| 0 eng d
082 _a328.4
_bCPA
100 _cCommonwealth Parliamentary Association
245 _aReport of proceedings
_b29th Commonwealth Parliamentary conference held in Kenya 1983
260 _aKenya
_bCommonwealth Parliamentary Association
_c1983
300 _a266p
942 _2ddc
_cBK
999 _c2157
_d2157